Význam indikátorů herního výkonu pro řízení tréninkového procesu /
Uložené v:
| Hlavný autor: | |
|---|---|
| Médium: | Kniha |
| Jazyk: | Czech |
| Vydané: |
Praha :
Karolinum,
2006.
|
| Vydanie: | Vyd. 1. |
| Témy: | |
| ISBN: |
8024611627 (brož.) |
| Fyzický popis: |
173 s. : fotogr., grafy, il., tab. ; 21 cm. |
| Tagy: |
Pridať tag
Žiadne tagy, Buďte prvý kto otaguje tento záznam!
|
Titul je dostupný aj v ... 

MARC
| LEADER | 00000cam a2200000 a 4500 | ||
|---|---|---|---|
| 001 | 000379421 | ||
| 005 | 20120626082342.0 | ||
| 008 | 060829s2006 xr adloe 000 0 cze d | ||
| 020 | |a 8024611627 (brož.) | ||
| 040 | |a SVKKK |b slo |c SVKKK |e AACR2 | ||
| 041 | 0 | |a cze |b eng |b ger |b rus | |
| 044 | |a xr |c CZ | ||
| 072 | 7 | |a 796 |x Šport. Hry. Telesné cvičenia |2 konspekt | |
| 080 | |a 796.357.4 |2 2001 | ||
| 080 | |a 796.3 |2 2001 | ||
| 080 | |a 796.015 |2 2001 | ||
| 080 | |a 796/799 |2 2001 | ||
| 080 | |a 796.2 |2 2001 | ||
| 080 | |a 796.2 |2 2001 | ||
| 080 | |a 796.015.8 |2 2001 | ||
| 080 | |a (048.8) |2 2001 | ||
| 100 | 1 | |a Süss, Vladimír, |d 1952- | |
| 245 | 1 | 0 | |a Význam indikátorů herního výkonu pro řízení tréninkového procesu / |c Vladimír Süss. |
| 250 | |a Vyd. 1. | ||
| 260 | |a Praha : |b Karolinum, |c 2006. | ||
| 300 | |a 173 s. : |b fotogr., grafy, il., tab. ; |c 21 cm. | ||
| 500 | |a Slovník | ||
| 504 | |a Bibliografia: s. 167-173 | ||
| 546 | |a Resumé angl., nem., rus. | ||
| 650 | 0 | 7 | |a softbal |2 SVKKKPH |
| 650 | 0 | 7 | |a loptové hry |2 SVKKKPH |
| 650 | 0 | 7 | |a športový tréning |2 SVKKKPH |
| 650 | 0 | 7 | |a športové hry |2 SVKKKPH |
| 650 | 0 | 7 | |a pohybové hry |2 SVKKKPH |
| 650 | 0 | 7 | |a športové výkony |2 SVKKKPH |
| 655 | 7 | |a monografie |2 SVKKKPH | |
| 910 | |a svkkk | ||
| 919 | |a 80-246-1162-7 | ||
| 998 | |a BK | ||
| 090 | |g SCKHL |k Sklad Hlavná 10 prízemie |a III.222536 |j 1034894 |i 2720252086 |s Absenčne | ||